Electrochemistry for chemists / (Record no. 2406)
[ view plain ]
| 000 -LEADER | |
|---|---|
| fixed length control field | 00894cam a22002652 4500 |
| 001 - CONTROL NUMBER | |
| control field | 0000004041 |
| 005 - DATE AND TIME OF LATEST TRANSACTION | |
| control field | 20151217145751.0 |
| 008 - FIXED-LENGTH DATA ELEMENTS--GENERAL INFORMATION | |
| fixed length control field | 070518s xx 000 0 eng d |
| 020 ## - INTERNATIONAL STANDARD BOOK NUMBER | |
| International Standard Book Number | 0471594687 : |
| 040 ## - CATALOGING SOURCE | |
| Original cataloging agency | KABU |
| Transcribing agency | KABU |
| 050 #0 - LIBRARY OF CONGRESS CALL NUMBER | |
| Classification number | QD553 |
| Item number | .S29 1995 |
| 100 1# - MAIN ENTRY--PERSONAL NAME | |
| Personal name | Sawyer, Donald T. |
| -- | 0000154385 |
| 245 10 - TITLE STATEMENT | |
| Title | Electrochemistry for chemists / |
| Statement of responsibility, etc. | Donald T. Sawyer, Andrzej Sobkowiak, Julian L. Roberts. |
| 250 ## - EDITION STATEMENT | |
| Edition statement | 2nd ed. |
| 260 ## - PUBLICATION, DISTRIBUTION, ETC. (IMPRINT) | |
| Place of publication, distribution, etc. | New York : |
| Name of publisher, distributor, etc. | J. Wiley, |
| Date of publication, distribution, etc. | 1995. |
| 300 ## - PHYSICAL DESCRIPTION | |
| Extent | xv, 504 p. |
| 650 #0 - SUBJECT ADDED ENTRY--TOPICAL TERM | |
| Topical term or geographic name as entry element | Electrochemistry. |
| -- | 0000154379 |
| 700 1# - ADDED ENTRY--PERSONAL NAME | |
| Personal name | Sobkowiak, Andrzej. |
| -- | 0000154386 |
| 700 1# - ADDED ENTRY--PERSONAL NAME | |
| Personal name | Roberts, Julian L. |
| -- | 0000154121 |
| 852 1# - LOCATION | |
| -- | p7226.35 KES |
| 852 1# - LOCATION | |
| -- | p7226.35 KES |
| 852 1# - LOCATION | |
| -- | p7797 KES |
| 908 ## - PUT COMMAND PARAMETER (RLIN) | |
| Put command parameter | 070518 |
| 950 ## - LOCAL HOLDINGS (RLIN) | |
| -- | 1 |
| Withdrawn status | Lost status | Source of classification or shelving scheme | Not for loan | Home library | Current library | Date acquired | Total Checkouts | Full call number | Barcode | Date last seen | Date last checked out | Price effective from | Koha item type |
|---|---|---|---|---|---|---|---|---|---|---|---|---|---|
| Library of Congress Classification | Kabarak, Main Campus | Kabarak, Main Campus | 17/12/2015 | 1 | QD553 .S29 1995 c. 1 | 006316 | 05/12/2016 | 31/10/2016 | 17/12/2015 | General Collection | |||
| Library of Congress Classification | Kabarak, Main Campus | Kabarak, Main Campus | 17/12/2015 | QD553 .S29 1995 c. 2 | 006317 | 17/12/2015 | 17/12/2015 | General Collection | |||||
| Library of Congress Classification | Kabarak, Main Campus | Kabarak, Main Campus | 17/12/2015 | QD553 .S29 1995 c. 3 | 16498 | 17/12/2015 | 17/12/2015 | General Collection |